[Event "Leipzig VfB op 16th"]
[Site "Leipzig"]
[Date "2009.04.05"]
[Round "9"]
[White "Justra, Matthias"]
[Black "Spreer, Lutz"]
[Result "1-0"]
[WhiteElo "1865"]
[BlackElo "1318"]
[PlyCount "95"]
[EventDate "2009.03.31"]
[EventType "swiss"]
[EventRounds "9"]
[EventCountry "GER"]
[SourceTitle "EXT 2010"]
[Source "ChessBase"]
[SourceDate "2010.11.25"]
[SourceVersion "1"]
[SourceVersionDate "2010.11.25"]
[SourceQuality "1"]

1. e4 d5 2. exd5 Nf6 3. c4 c6 4. dxc6 Nxc6 5. Nf3 e5 6. d3 Bc5 7. Be2 0-0 8. 0-0 Qb6 9. Nc3 Rd8 10. Na4 Qa5 11. Nxc5 Qxc5 12. Be3 Qe7 13. Qb3 Bf5 14. Rad1 Nb4 15. Nxe5 a5 16. a3 Qxe5 17. axb4 Bg4 18. d4 Qd6 19. c5 a4 20. Qc2 Qd5 21. Ra1 Bf5 22. Qc4 Qe4 23. Bf3 Qe7 24. d5 Qd7 25. Bg5 b5 26. Qh4 Nxd5 27. Bxd5 Qxd5 28. Bxd8 Rxd8 29. g4 Be4 30. f3 Bc2 31. Qf2 Bb3 32. Rac1 Qg5 33. c6 Rc8 34. Rc5 Qf6 35. c7 h6 36. Qd2 Qe7 37. Re1 Be6 38. Qf4 Qd7 39. Re2 g5 40. Qc1 Qd4+ 41. Qe3 Qd6 42. Rd2 Qe7 43. Qe5 Re8 44. c8Q Rxc8 45. Rxc8+ Qf8 46. Rxf8+ Kxf8 47. Qh8+ Ke7 48. Qd8# 1-0

[Event "Leipzig VfB op 12th"]
[Site "Leipzig"]
[Date "2005.03.06"]
[Round "9"]
[White "Justra, Matthias"]
[Black "Dietel, Franz"]
[Result "1-0"]
[WhiteElo "1708"]
[BlackElo "1492"]
[PlyCount "119"]
[EventDate "2005.01.03"]
[EventType "swiss"]
[EventRounds "9"]
[EventCountry "GER"]
[SourceTitle "EXT 2008"]
[Source "ChessBase"]
[SourceDate "2007.11.25"]
[SourceVersion "1"]
[SourceVersionDate "2007.11.25"]
[SourceQuality "1"]

1. e4 c6 2. d4 d5 3. Nd2 dxe4 4. Nxe4 Bf5 5. Ng3 Bg6 6. Nf3 Nf6 7. Bd3 Bxd3 8. Qxd3 Nbd7 9. 0-0 e6 10. Re1 Qc7 11. Bg5 h6 12. Bxf6 Nxf6 13. Ne4 Nd7 14. c4 0-0-0 15. Rad1 Nb6 16. Nc3 Bb4 17. a3 Bxc3 18. Qxc3 Nd7 19. d5 Nf6 20. dxe6 Rxd1 21. Rxd1 fxe6 22. Re1 Re8 23. h3 Kd8 24. Qd3+ Qd7 25. Qe3 b6 26. Ne5 Qc7 27. Qf3 c5 28. Qa8+ Ke7 29. Qxa7 Qxa7 30. Nc6+ Kf7 31. Nxa7 Rd8 32. Re2 Rd4 33. Nc6 Rd1+ 34. Kh2 Nd7 35. Nd8+ Kg8 36. Nxe6 Rc1 37. Rd2 Ne5 38. b3 Rc3 39. Re2 Nc6 40. Re3 Rc2 41. Nc7 Nd4 42. Nd5 Rxf2 43. Nxb6 Ra2 44. Nd7 Rxa3 45. Nxc5 Ra2 46. Rd3 Ne2 47. Ne4 Nf4 48. Rd2 Ra1 49. c5 Rb1 50. c6 Ne6 51. Rc2 Nc7 52. Rc3 Kf8 53. Rd3 Rc1 54. Rd8+ Ne8 55. Nd6 Ke7 56. Rd7+ Kf8 57. Nc4 Rc3 58. c7 Nxc7 59. Rxc7 Rxb3 60. Ne5 1-0

[Event "Leipzig VfB op 12th"]
[Site "Leipzig"]
[Date "2005.03.05"]
[Round "8"]
[White "Lubbe, Melanie"]
[Black "Justra, Matthias"]
[Result "1-0"]
[WhiteElo "2054"]
[BlackElo "1708"]
[PlyCount "169"]
[EventDate "2005.01.03"]
[EventType "swiss"]
[EventRounds "9"]
[EventCountry "GER"]
[SourceTitle "EXT 2008"]
[Source "ChessBase"]
[SourceDate "2007.11.25"]
[SourceVersion "1"]
[SourceVersionDate "2007.11.25"]
[SourceQuality "1"]

1. e4 e6 2. d3 d5 3. Nd2 Nf6 4. g3 c5 5. Bg2 Nc6 6. Ngf3 Bd7 7. 0-0 Qc7 8. Re1 Be7 9. e5 Ng4 10. Qe2 h5 11. Nf1 a6 12. Bd2 Nh6 13. c3 Nf5 14. Rac1 Qb6 15. Ne3 Nxe3 16. Bxe3 d4 17. cxd4 cxd4 18. Bg5 Bf8 19. Nd2 Qa7 20. a3 Ne7 21. Rc2 Rc8 22. Rec1 Rxc2 23. Rxc2 Bc6 24. Bxe7 Bxe7 25. Bxc6+ bxc6 26. Rxc6 Qb7 27. Rc2 0-0 28. Ne4 h4 29. gxh4 Qd5 30. Ng5 Bxg5 31. hxg5 Rb8 32. f4 g6 33. Qg2 Qb3 34. Rd2 Rc8 35. h4 Kg7 36. Qf2 Qd5 37. Qg2 Qb3 38. Kh2 a5 39. Kg3 Rc1 40. Qe4 Qb6 41. h5 gxh5 42. Kh4 Qd8 43. Rf2 Rg1 44. Rc2 Rg4+ 45. Kh3 Rg1 46. Rc4 Rb1 47. Rxd4 Qb6 48. b4 a4 49. Kh4 Re1 50. Qxe1 Qxd4 51. Qg3 Qa1 52. d4 Qxd4 53. Kxh5 Qd1+ 54. Kh4 Qh1+ 55. Qh3 Qe1+ 56. Kg4 Qd1+ 57. Kg3 Qd3+ 58. Kh4 Qe4 59. Qf1 Qh7+ 60. Kg3 Qe4 61. Qf2 Qd3+ 62. Qf3 Qd2 63. f5 Qe1+ 64. Kf4 Qh4+ 65. Ke3 exf5 66. b5 Qe1+ 67. Kd4 Qa1+ 68. Kd5 Qa2+ 69. Kc6 Qe6+ 70. Kb7 Qxe5 71. Qc6 Qe7+ 72. Ka8 Qd8+ 73. Ka7 Qe7+ 74. Ka6 Qxa3 75. b6 Qd3+ 76. Ka7 a3 77. Qf6+ Kg8 78. b7 Qd7 79. Qa6 Qd4+ 80. Ka8 Qe4 81. Qxa3 f4 82. Ka7 Qd4+ 83. Ka6 Qd8 84. Qc5 Kg7 85. Qe5+ 1-0

[Event "Leipzig VfB op 12th"]
[Site "Leipzig"]
[Date "2005.03.01"]
[Round "1"]
[White "Justra, Matthias"]
[Black "Schmidt, Joerg"]
[Result "1/2-1/2"]
[WhiteElo "1708"]
[BlackElo "2132"]
[PlyCount "151"]
[EventDate "2005.01.03"]
[EventType "swiss"]
[EventRounds "9"]
[EventCountry "GER"]
[SourceTitle "EXT 2008"]
[Source "ChessBase"]
[SourceDate "2007.11.25"]
[SourceVersion "1"]
[SourceVersionDate "2007.11.25"]
[SourceQuality "1"]

1. e4 c5 2. Nf3 e6 3. d4 cxd4 4. Nxd4 Nf6 5. Nc3 d6 6. Be2 Be7 7. Be3 Nc6 8. 0-0 0-0 9. f4 Nxd4 10. Bxd4 b6 11. Bf3 Bb7 12. Qe2 Qc8 13. Rad1 Rd8 14. Rfe1 Nd7 15. Be3 Nc5 16. Kh1 a6 17. Qf2 b5 18. a3 Rb8 19. Qg3 Bf8 20. Rd2 a5 21. b4 axb4 22. axb4 Na6 23. Nxb5 Qc4 24. Nd4 Nxb4 25. Be2 Qc8 26. Bf3 d5 27. e5 Nc6 28. Nxc6 Qxc6 29. Bd4 Ba6 30. c3 Rb3 31. Bd1 Rb1 32. Bc2 Rxe1+ 33. Qxe1 Ra8 34. h3 g6 35. Bd3 Bxd3 36. Rxd3 Qc4 37. Rd1 Ra2 38. Rd2 Ra3 39. Rd1 Qa4 40. Kh2 Bh6 41. g3 Ra2+ 42. Rd2 Ra1 43. Qe2 Ra3 44. Rb2 Bf8 45. h4 Qa6 46. Qxa6 Rxa6 47. Rb8 Kg7 48. Kg2 Rc6 49. g4 Bc5 50. Kf3 Bxd4 51. cxd4 Rc3+ 52. Kg2 Rc4 53. g5 Rxd4 54. Kg3 Rc4 55. Rd8 h5 56. gxh6+ Kxh6 57. Rd7 Kg7 58. Kg4 Rc1 59. Rd8 Rc3 60. Rd7 Rd3 61. h5 gxh5+ 62. Kxh5 Kf8 63. Kg4 Ke8 64. Rd6 Ke7 65. f5 Rd4+ 66. Kg5 f6+ 67. Kh5 fxe5 68. Rxe6+ Kf7 69. Kg5 e4 70. Kf4 Rd3 71. Re5 Rd1 72. Kg4 d4 73. Rxe4 d3 74. Kf3 Kf6 75. Ke3 d2 76. Rd4 1/2-1/2

[Event "Leipzig VfB op 11th"]
[Site "Leipzig"]
[Date "2004.03.21"]
[Round "9"]
[White "Justra, Matthias"]
[Black "Weigel, Helmut"]
[Result "1/2-1/2"]
[WhiteElo "1585"]
[BlackElo "1611"]
[PlyCount "79"]
[EventDate "2004.03.16"]
[EventType "swiss"]
[EventRounds "9"]
[EventCountry "GER"]
[SourceTitle "EXT 2007"]
[Source "ChessBase"]
[SourceDate "2006.11.23"]
[SourceVersion "1"]
[SourceVersionDate "2006.11.23"]
[SourceQuality "1"]

1. e4 Nf6 2. e5 Nd5 3. d4 d6 4. c4 Nb6 5. f4 dxe5 6. fxe5 Nc6 7. Be3 Bf5 8. a3 e6 9. Nf3 Be7 10. Be2 0-0 11. 0-0 f6 12. Nc3 fxe5 13. dxe5 Qxd1 14. Rfxd1 Bc2 15. Rd2 Bb3 16. c5 Nd5 17. Nxd5 exd5 18. Rc1 a5 19. Bd1 a4 20. Bxb3 axb3 21. Rxd5 Rad8 22. Rcd1 Rxd5 23. Rxd5 Rd8 24. Rxd8+ Nxd8 25. Nd2 Nc6 26. Nc4 Kf7 27. Nd2 Na5 28. Kf1 Ke6 29. Bd4 Kd5 30. Bc3 Nc4 31. Nxb3 Nxe5 32. Ke2 g6 33. h3 Nd7 34. Kd3 Bxc5 35. Bg7 Bd6 36. Bc3 c5 37. Nd2 c4+ 38. Ke3 b5 39. Ne4 Be7 40. Bd4 1/2-1/2

[Event "Leipzig VfB op 11th"]
[Site "Leipzig"]
[Date "2004.03.20"]
[Round "7"]
[White "Winnig, Marcel"]
[Black "Justra, Matthias"]
[Result "0-1"]
[WhiteElo "1410"]
[BlackElo "1585"]
[PlyCount "68"]
[EventDate "2004.03.16"]
[EventType "swiss"]
[EventRounds "9"]
[EventCountry "GER"]
[SourceTitle "EXT 2007"]
[Source "ChessBase"]
[SourceDate "2006.11.23"]
[SourceVersion "1"]
[SourceVersionDate "2006.11.23"]
[SourceQuality "1"]

1. Nf3 c6 2. d4 d5 3. c4 Nf6 4. Nc3 e6 5. Bg5 Be7 6. e3 0-0 7. Bd3 dxc4 8. Bxc4 Nd5 9. Bxe7 Qxe7 10. 0-0 Nd7 11. Nxd5 exd5 12. Bd3 Nf6 13. Nd2 Bg4 14. Qc2 Rac8 15. Rfc1 Qd6 16. Qa4 Ra8 17. b4 a6 18. Rc3 Bd7 19. Qb3 Ng4 20. Nf3 f5 21. h3 Nf6 22. Ne5 Ne4 23. Bxe4 fxe4 24. Nxd7 Qxd7 25. a4 Qf5 26. Rc2 Rf6 27. Rd2 Rg6 28. Kh1 Rf8 29. Qc2 Rff6 30. Rg1 Rh6 31. Kh2 Rh4 32. g4 Rxh3+ 33. Kg2 Qxg4+ 34. Kf1 Qf3 0-1

[Event "Leipzig VfB op 11th"]
[Site "Leipzig"]
[Date "2004.03.19"]
[Round "6"]
[White "Justra, Matthias"]
[Black "Randt, Karl Heinz"]
[Result "0-1"]
[WhiteElo "1585"]
[BlackElo "1836"]
[PlyCount "90"]
[EventDate "2004.03.16"]
[EventType "swiss"]
[EventRounds "9"]
[EventCountry "GER"]
[SourceTitle "EXT 2007"]
[Source "ChessBase"]
[SourceDate "2006.11.23"]
[SourceVersion "1"]
[SourceVersionDate "2006.11.23"]
[SourceQuality "1"]

1. e4 c5 2. Nf3 d6 3. d4 cxd4 4. Nxd4 Nf6 5. Nc3 a6 6. f3 e6 7. Be3 Qc7 8. Be2 b5 9. a3 Be7 10. 0-0 0-0 11. Qe1 Nbd7 12. Qf2 Bb7 13. Rfd1 Ne5 14. h3 Nc4 15. Ndxb5 axb5 16. Nxb5 Qc6 17. Bxc4 Qxc4 18. Nxd6 Qa6 19. Nxb7 Qxb7 20. c3 Rfd8 21. Rxd8+ Rxd8 22. Qc2 h5 23. b4 h4 24. a4 Rc8 25. Rb1 Rc4 26. Qd3 Qc8 27. Bd4 Nh5 28. Qe3 f6 29. f4 Ng3 30. Qf3 Bxb4 31. Bxf6 gxf6 32. Qg4+ Kf7 33. Qxh4 Ne2+ 34. Kh2 Nxc3 35. Qh7+ Ke8 36. Qg8+ Kd7 37. Qf7+ Be7 38. Rb6 Rxe4 39. a5 Nd5 40. Rb5 Nxf4 41. Qh7 Re2 42. Kg3 Rxg2+ 43. Kxf4 Qc4+ 44. Kf3 Qe2+ 45. Kf4 Qxb5 0-1

[Event "Leipzig VfB op 11th"]
[Site "Leipzig"]
[Date "2004.03.18"]
[Round "5"]
[White "Hillmann, Michael"]
[Black "Justra, Matthias"]
[Result "1-0"]
[WhiteElo "1910"]
[BlackElo "1585"]
[PlyCount "103"]
[EventDate "2004.03.16"]
[EventType "swiss"]
[EventRounds "9"]
[EventCountry "GER"]
[SourceTitle "EXT 2007"]
[Source "ChessBase"]
[SourceDate "2006.11.23"]
[SourceVersion "1"]
[SourceVersionDate "2006.11.23"]
[SourceQuality "1"]

1. d4 e6 2. c4 Nf6 3. Nc3 b6 4. e4 Bb7 5. Bd3 d6 6. f3 Be7 7. Be3 Nbd7 8. Nge2 c5 9. d5 Ne5 10. 0-0 0-0 11. f4 Nfg4 12. Bc1 Nxd3 13. Qxd3 exd5 14. Nxd5 Bxd5 15. Qxd5 Nf6 16. Qd3 Qc7 17. b3 Rfe8 18. Ng3 Nd7 19. Bb2 Bf6 20. Bxf6 Nxf6 21. Rad1 Rad8 22. Rfe1 g6 23. Qf3 Qe7 24. Kf2 Qe6 25. Re2 Ng4+ 26. Kg1 Nf6 27. Rde1 Nd7 28. Nf1 Nb8 29. g4 Nc6 30. Rf2 Nd4 31. Qh3 f6 32. Re3 Qd7 33. Qg2 Qg7 34. Nd2 Nc2 35. Rg3 Nd4 36. h4 Re7 37. Rh3 Rde8 38. Qf1 a6 39. Rg2 a5 40. f5 g5 41. hxg5 Qxg5 42. Qf2 Rg7 43. Kf1 Nc2 44. Ke2 Nd4+ 45. Kd1 Rge7 46. Rh5 Qg7 47. g5 Kf8 48. g6 Qh8 49. Rgh2 Rg7 50. Rxh7 Rxh7 51. Rxh7 Qg8 52. Qh4 1-0

[Event "Leipzig VfB op 11th"]
[Site "Leipzig"]
[Date "2004.03.16"]
[Round "1"]
[White "Franke, Helmut"]
[Black "Justra, Matthias"]
[Result "1/2-1/2"]
[WhiteElo "2077"]
[BlackElo "1585"]
[PlyCount "69"]
[EventDate "2004.03.16"]
[EventType "swiss"]
[EventRounds "9"]
[EventCountry "GER"]
[SourceTitle "EXT 2007"]
[Source "ChessBase"]
[SourceDate "2006.11.23"]
[SourceVersion "1"]
[SourceVersionDate "2006.11.23"]
[SourceQuality "1"]

1. e4 e6 2. d4 d5 3. Nc3 dxe4 4. f3 Bb4 5. a3 Bxc3+ 6. bxc3 c5 7. fxe4 Qh4+ 8. Kd2 Qxe4 9. Qf3 Nf6 10. Bd3 Qxf3 11. Nxf3 Nbd7 12. Ke2 b6 13. Re1 Bb7 14. Kf1 Bxf3 15. gxf3 0-0 16. Bd2 Rfe8 17. Bb5 Rec8 18. Ba6 Re8 19. Bb5 a6 20. Bc6 Rac8 21. Bb7 Rc7 22. Bxa6 cxd4 23. c4 Nc5 24. Bb5 Nfd7 25. Bb4 Rec8 26. Rad1 e5 27. Bxc5 bxc5 28. Bxd7 Rxd7 29. Rxe5 Ra7 30. Rb1 f6 31. Rd5 Rxa3 32. Kf2 Rc3 33. Rb7 Rxc2+ 34. Kg3 Rc1 35. Kg2 1/2-1/2